| 000 | 00767nam a2200241 i 4500 | ||
|---|---|---|---|
| 001 | 181864 | ||
| 003 | ES-MaACL | ||
| 005 | 20231021150323.0 | ||
| 008 | 130503s2009 sp | |||||||| | spa d | ||
| 020 | _a978-84-9876-635-6 | ||
| 080 | _a808.4:82-3 | ||
| 100 | 1 |
_aCarrero Eras, Pedro. _935704 |
|
| 245 | 1 | 3 |
_aEl arte de narrar : _btaller de escritura narrativa / _cPedro Carrero Eras. |
| 260 |
_aValencia : _bTirant lo blanch, _c2009. |
||
| 300 |
_a429 p. ; _c22 cm. |
||
| 490 | 1 | _aProsopopeya | |
| 504 | _aBibliografía: p. [407]. Índices. | ||
| 650 | 4 |
_aNovela- _xArte de escribir. _9152669 |
|
| 830 | 0 |
_aProsopopeya _9224757 |
|
| 852 |
_aES-MaACL _jA-12689 _9188772 _bR.148800 _cDEPO1 _dOlim: N-5690 |
||
| 942 |
_2udc _cMONOGRAFIA |
||
| 999 |
_c181864 _d181864 |
||